| 000 | 00393cam a22001337a 4500 | ||
|---|---|---|---|
| 008 | 180718b1976 xxu||||| |||| 00| 0 eng d | ||
| 082 | _aB11x54 R812 | ||
| 100 | _aRoy, G.C. | ||
| 245 |
_aIndian culture: the tradition of non-violence and social change in India _cby G.C. Roy |
||
| 260 |
_aDelhi _bAjanta _c1976 |
||
| 300 | _a198p. | ||
| 650 | _aSocial change - India | ||
| 650 | _aCulture - India | ||
| 999 |
_c352910 _d352910 |
||